000
00319nam a2200133Ia 4500
003
OSt
005
20230727043512.0
008
170524s9999 xx 000 0 und d
040
_c
IIMT UNIVERSITY
100
_a
HORNGREN
245
0
_a
INTRODUCTION TO MANAGEMENT ACCOUNTING
260
_b
CONCEPT PUB. CO.
942
_2
ddc
_c
02
999
_c
7930
_d
7930